|
|
|
|
| LEADER |
00000cam a2200000 7i4500 |
| 001 |
0000085589 |
| 005 |
20201102.0 |
| 008 |
200914 |
| 020 |
|
|
|a 9781641723336
|
| 041 |
0 |
|
|a English
|
| 090 |
0 |
0 |
|a 629.283
|b HAR
|
| 100 |
1 |
|
|a Harding, Carter
|
| 245 |
1 |
0 |
|a Advanced driving :
|b becoming an expert driver
|c Carter Harding
|
| 260 |
|
|
|a New York :
|b Larsen & Keller ,
|c 2020
|
| 300 |
|
|
|a 236 p. :
|b col.; ill. ;
|c 26.5 cm.
|
| 541 |
0 |
0 |
|c Purchased on 2020
|f 2113-2020 ARI
|h RM348.75
|
| 650 |
|
0 |
|a Automobile driving
|
| 650 |
|
0 |
|a Motor vehicle drivers
|
| 999 |
|
|
|a 0001627533
|b Book
|c Adult Collection
|e Perbadanan Perpustakaan Awam Johor
|
| 999 |
|
|
|a 0001627534
|b Book
|c Adult Collection
|e Cawangan Urban Transformation Centre
|
| 999 |
|
|
|a 0001627535
|b Book
|c Adult Collection
|e Cawangan AEON Kulaijaya
|
| 999 |
|
|
|a 0001627587
|b Book
|c Adult Collection
|e Cawangan Tangkak
|
| 999 |
|
|
|a 0001627588
|b Book
|c Adult Collection
|e Cawangan Pontian
|
| 999 |
|
|
|a 0001627589
|b Book
|c REFERENCE
|e Cawangan Segamat
|
| 999 |
|
|
|a 0001627590
|b Book
|c Adult Collection
|e Cawangan Batu Pahat
|
| 999 |
|
|
|a 0001627591
|b Book
|c Adult Collection
|e Cawangan Muar
|
| 999 |
|
|
|a 0001627592
|b Book
|c Adult Collection
|e Cawangan Bandar Tenggara
|
| 999 |
|
|
|a 0001627593
|b Book
|c Adult Collection
|e Cawangan Bandar Penawar
|
| 999 |
|
|
|a 0001627595
|b Book
|c Adult Collection
|e Cawangan Tmn. Ungku Tun Aminah
|
| 999 |
|
|
|a 0001627596
|b Book
|c Adult Collection
|e Cawangan Kota Tinggi
|
| 999 |
|
|
|a 0001627597
|b Book
|c Adult Collection
|e Cawangan Bukit Gambir
|
| 999 |
|
|
|a 0001627598
|b Book
|c Adult Collection
|e Cawangan Mersing
|
| 999 |
|
|
|a 0001627599
|b Book
|c Adult Collection
|e Cawangan Taman Sri Lambak
|